Catálogo

Vista normal Vista MARC

Entrada Personal Name

Número de registros utilizados en: 1

001 - CONTROL NUMBER

  • control field: 11614

003 - CONTROL NUMBER IDENTIFIER

  • control field: DLC

005 - DATE AND TIME OF LATEST TRANSACTION

  • control field: 20210909114116.0

008 - FIXED-LENGTH DATA ELEMENTS

  • fixed length control field: 110517n| acannaabn a aaa c

010 ## - LIBRARY OF CONGRESS CONTROL NUMBER

  • LC control number: no2011077646

035 ## - SYSTEM CONTROL NUMBER

  • System control number: (OCoLC)oca08859391

040 ## - CATALOGING SOURCE

  • Original cataloging agency: PE-LiUDP
  • Language of cataloging: spa
  • Transcribing agency: Mx-PuUPA
  • Modifying agency: Mx-PuUPA
  • Description conventions: rda

100 1# - HEADING--PERSONAL NAME

  • Personal name: Canals, Agustí,

370 ## - ASSOCIATED PLACE

  • Other associated place: Barcelona

372 ## - FIELD OF ACTIVITY

  • Field of activity: Estudios de Economía y Empresa
  • Field of activity: Administración y dirección de empresas
  • Field of activity: Gestión del conocimiento

373 ## - ASSOCIATED GROUP

  • Associated group: Universidad Oberta de Catalunya

374 ## - OCCUPATION

  • Occupation: Autor
  • Occupation: Profesor
  • Occupation: Investigador

375 ## - GENDER

  • Gender: hombre

377 ## - ASSOCIATED LANGUAGE

  • Language code: spa

400 1# - SEE FROM TRACING--PERSONAL NAME

  • Personal name: Parera, Agustí Canals i

670 ## - SOURCE DATA FOUND

  • Source citation: Gestión del conocimiento, 2003:
  • Information found: t.p. (Agustí Canals) back cover (Agustí Canals i Parera; licenciado y máster en Ciencias Físicas por la Universitat Autònoma de Barcelona y MBA por la escuela de negocios ESADE (Barcelona))